<?xml version="1.0" encoding="UTF-8"?>
<record
    xmlns:xsi="http://www.w3.org/2001/XMLSchema-instance"
    xsi:schemaLocation="http://www.loc.gov/MARC21/slim http://www.loc.gov/standards/marcxml/schema/MARC21slim.xsd"
    xmlns="http://www.loc.gov/MARC21/slim">

  <leader>01706    a2200337   4500</leader>
  <controlfield tag="001">OB-pus-2145</controlfield>
  <controlfield tag="003">FrMaCLE</controlfield>
  <controlfield tag="005">20251214082808.0</controlfield>
  <controlfield tag="007">cu ||||||m||||</controlfield>
  <controlfield tag="008">190225e||||||||xx |||||s|||||||||0|fr|d</controlfield>
  <datafield tag="020" ind1=" " ind2=" ">
    <subfield code="a">979-10-344-0498-8</subfield>
  </datafield>
  <datafield tag="024" ind1="7" ind2=" ">
    <subfield code="a">10.4000/books.pus.2145</subfield>
    <subfield code="2">doi</subfield>
  </datafield>
  <datafield tag="040" ind1=" " ind2=" ">
    <subfield code="a">FR-FrMaCLE</subfield>
  </datafield>
  <datafield tag="041" ind1=" " ind2=" ">
    <subfield code="a">fra</subfield>
  </datafield>
  <datafield tag="100" ind1="1" ind2=" ">
    <subfield code="a">Reverzy, &#xC9;l&#xE9;onore</subfield>
  </datafield>
  <datafield tag="245" ind1="1" ind2="2">
    <subfield code="a">L&#x2019;Europe en automobile :</subfield>
    <subfield code="b">Octave Mirbeau &#xE9;crivain voyageur /</subfield>
    <subfield code="c">&#xC9;l&#xE9;onore Reverzy, Guy Ducrey.</subfield>
  </datafield>
  <datafield tag="260" ind1=" " ind2=" ">
    <subfield code="a">Strasbourg :</subfield>
    <subfield code="b">Presses universitaires de Strasbourg,</subfield>
    <subfield code="c">2019.</subfield>
  </datafield>
  <datafield tag="300" ind1=" " ind2=" ">
    <subfield code="a">320 p.</subfield>
  </datafield>
  <datafield tag="500" ind1=" " ind2=" ">
    <subfield code="a">Ebook</subfield>
  </datafield>
  <datafield tag="520" ind1=" " ind2=" ">
    <subfield code="a"> Lorsqu'en 1907, Octave Mirbeau fait para&#xEE;tre La 628-E8, r&#xE9;cit d'un voyage en automobile &#xE0; travers l'Europe, il suscite aussit&#xF4;t le scandale&#xA0;: un chapitre consacr&#xE9; &#xE0; la mort de Balzac -&#xA0;qui sera retir&#xE9;&#xA0;-, un &#xE9;loge des Allemands, au moment o&#xF9; le patriotisme est devenu nationalisme, une c&#xE9;l&#xE9;bration, futuriste, de la vitesse et de sa violence. S'achevant &#xE0; Strasbourg, ce r&#xE9;cit de voyage a r&#xE9;uni, cent ans apr&#xE8;s, &#xE0; l'Universit&#xE9; Marc-Bloch de Strasbourg, une trentaine de chercheurs, pour les uns sp&#xE9;cialistes de Mirbeau, pour les autres, comparatistes ou historiens d'art. L'&#x153;uvre europ&#xE9;enne de Mirbeau a ainsi trouv&#xE9; sa place, &#xE0; la fronti&#xE8;re des pays et des genres.</subfield>
  </datafield>
  <datafield tag="540" ind1=" " ind2=" ">
    <subfield code="a">OpenEdition Books License</subfield>
    <subfield code="u">https://www.openedition.org/12554</subfield>
  </datafield>
  <datafield tag="650" ind1=" " ind2="4">
    <subfield code="a">Literature</subfield>
  </datafield>
  <datafield tag="650" ind1=" " ind2="4">
    <subfield code="a">Europe</subfield>
  </datafield>
  <datafield tag="650" ind1=" " ind2="4">
    <subfield code="a">litt&#xE9;rature</subfield>
  </datafield>
  <datafield tag="650" ind1=" " ind2="4">
    <subfield code="a">XXe si&#xE8;cle</subfield>
  </datafield>
  <datafield tag="650" ind1=" " ind2="4">
    <subfield code="a">voyage</subfield>
  </datafield>
  <datafield tag="700" ind1="1" ind2=" ">
    <subfield code="a">Ducrey, Guy</subfield>
  </datafield>
  <datafield tag="760" ind1="0" ind2=" ">
    <subfield code="x">2679-1846</subfield>
  </datafield>
  <datafield tag="776" ind1=" " ind2=" ">
    <subfield code="z">978-2-86820-382-3</subfield>
  </datafield>
  <datafield tag="856" ind1="4" ind2=" ">
    <subfield code="e">Reverzy, &#xC9;l&#xE9;onore</subfield>
    <subfield code="u">https://books.openedition.org/pus/2145</subfield>
    <subfield code="y">L&#x2019;Europe en automobile</subfield>
  </datafield>
  <datafield tag="999" ind1=" " ind2=" ">
    <subfield code="c">12916</subfield>
    <subfield code="d">12916</subfield>
  </datafield>
</record>
